Statistics for Naismith Memorial Basketball Hall of Fame by NBA Team

Click here to take the quiz!

General Stats

  • This quiz has been taken 1,207 times
    (527 since last reset)
  • The average score is 22 of 26

Answer Stats

TeamPlayerOthers% Correct
76ersJulius Erving | Allen Iverson | Dolph Schayes | +8 othersCharles Barkley, Al Cervi, Maurice Cheeks, Billy Cunningham, Hal Greer, Bobby Jones, Moses Malone, Chet Walker
99%
CelticsLarry Bird | Bill Russell | Bob Cousy | + 15 othersChuck Cooper, Dave Cowens, John Havlicek, Tom Heinsohn, Dennis Johnson, KC Jones, Sam Jones, Ed Macauley, Kevin McHale, Robert Parish, Dino Radja, Frank Ramsey, Bill Sharmann, Jo Jo White, Paul Pierce
97%
BullsMichael Jordan | Scottie Pippen | Artis Gilmore | +1 otherToni Kukoč
97%
HeatDwyane Wade | Alonzo Mourning
95%
LakersMagic Johnson | Jerry West | Kobe Bryant | + 13 othersKareem Abdul-Jabbar, Elgin Baylor, Vlade Divac, Pau Gasol, Gail Goodrich, Clyde Lovellette, Slater Martin, George Mikan, Vern Mikkelsen, Shaquille O'Neal, Jim Pollard, Jamaal Wilkes, James Worthy
95%
MavericksDirk Nowitzki
94%
JazzJohn Stockton | Karl Malone | Pete Maravich | +1 otherAdrian Dantley
94%
KnicksPatrick Ewing | Walt Frazier | Willis Reed | +7 othersBill Bradley, Carl Braun, Harry Gallatin, RIchie Guerin, Bernard King, Dick McGuire, Earl Monroe
93%
SpursDavid Robinson | George Gervin | Tim Duncan | +2 othersManu Ginóbili, Tony Parker
91%
HawksDominique Wilkins | Bob Pettit | Cliff Hagan | +3 othersZelmo Beaty, Lenny Wilkens, Lou Hudson
91%
PistonsIsiah Thomas | Joe Dumars | Bob Lanier | +9 othersDave Bing, Dave DeBusschere, Grant Hill, Bob Houbregs, Bailey Howell, Andy Phillip, Dennis Rodman, George Yardley, Ben Wallace
91%
RocketsHakeem Olajuwon | Yao Ming | Calvin Murphy | +1 otherRalph Sampson
90%
PacersReggie Miller | Mel Daniels | George McGinnis | +1 otherRoger Brown
90%
TimberwolvesKevin Garnett
89%
WarriorsWilt Chamberlain | Rick Barry | Paul Arizin | +8 othersJoe Fulks, Tom Gola, Neil Johnston, Šarūnas Marčiulionis, Chris Mullin, Guy Rodgers, Nate Thurmond, Tim Hardaway
89%
KingsOscar Robertson | Jack Twyman | Mitch Richmond | +7 othersTiny Archibald, Bob Davies, Jerry Lucas, Arnie Risen, Maurice Stokes, Bobby Wanzer, Chris Webber
88%
Trail BlazersClyde Drexler | Bill Walton | Arvydas Sabonis
87%
Thunder / SuperSonicsGary Payton | Jack Sikma | Spencer Haywood
85%
NetsJason Kidd | Dražen Petrović
84%
SunsSteve Nash | Paul Westphal | Connie Hawkins | +1 otherCharlie Scott
84%
NuggetsAlex English | David Thompson | Dan Issel | +1 otherDikembe Mutombo
80%
WizardsElvin Hayes | Wes Unseld | Walt Bellamy | +1 otherGus Johnson
75%
BucksSidney Moncrief | Ray Allen | Bob Dandridge
75%
ClippersBob McAdoo
68%
MagicTracy McGrady
64%
RaptorsChris Bosh
58%

Score Distribution

Percentile by Number Answered

Percent of People with Each Score

Your Score History

You have not taken this quiz since the last reset